| 000 | 00481nam a2200193Ia 4500 | ||
|---|---|---|---|
| 003 | OSt | ||
| 005 | 20231102113132.0 | ||
| 008 | 210210b1997 xxu||||| |||| 00| 0 eng d | ||
| 040 | _cAL | ||
| 041 | _aEnglish | ||
| 082 | _a519.4 GOEN | ||
| 100 |
_aGOEL (B S) and MITTAL (S K). _9140571 |
||
| 245 | _aNumerical analysis. | ||
| 260 |
_aMeerut _bPragati Prakashan _c1997 |
||
| 300 | _aviii,518 | ||
| 690 |
_aMathematical Statistics _9140572 |
||
| 906 | _a053426 | ||
| 942 |
_2ddc _cBK |
||
| 999 |
_c101718 _d101718 |
||